Busser med norsk sidestilt 2023 (dekknavn) - Statistics

General Stats
  • This quiz has been taken 246 times
  • The average score is 15 of 31
Answer Stats
Hint Answer % Correct
ParkenEikeli A gutter Bar
89%
LegendenStabekk A gutter Charabanc
89%
ÆrnaBlindern A gutter Babelaid
85%
LarvenOHG A gutter Dobermenn
79%
VulvaenNesbru A gutter Jagger
79%
TogetBlindern A jenter Bundasliga
75%
KukenOHG B gutter Teten
70%
BiffenSandvika A gutter Pyton
62%
KariUllern A gutter Bombora
59%
Subben/MyggenBlindern B guter Mizaru
56%
Sleiken Nb B gutter Sabana
56%
Arna Rottegård A gutter Ron Jon
50%
KlittenEikeli B gutter Tempo
50%
PungenNb A gutter Champagnes League
48%
BallaStabekk A jenter Headturner
45%
KartongenKjelsås gutter The Lab
45%
JesusUllern B gutter Heftye
40%
KiddenOHG B jenter Medley
40%
DoningenSandvika B gutter Nuts
40%
MackenNadderud gutter King Of The Hil
39%
Huldra OHG A jenter Double O Seven
38%
ØglaNb A jenter Maverick
34%
Arn2Ullern B jenter Arriba
31%
KunstverketEikeli A jenter Disco Duck
30%
BienRottegård B gutter Shred
27%
DronningenOHG C jenter Blueprint
25%
PittenFollo A gutter Knockers
25%
RakettenNb B jenter Fullbooket
20%
GubbenBlindern B jenter Jitney
20%
PappaNesbru B jenter Påtide
20%
SledenUllern A jenter Bånndi
17%
No matching quizzes found
Score Distribution
Percent of People with Each Score
Percentile by Number Answered
Your Score History
You have not taken this quiz